Literature Reading, reacting, writing

Na minha lista:
Detalhes bibliográficos
Autor principal: Kirszner, Laurie G
Outros Autores: Mandell, Stephen R
Formato: Livro
Idioma:Undetermined
Publicado em: Boston, MA Thomson/Wadsworth 2007
Acesso em linha:http://lrc.tdmu.edu.vn/opac/search/detail.asp?aID=2&ID=7350
Tags: Adicionar Tag
Sem tags, seja o primeiro a adicionar uma tag!
Thư viện lưu trữ: Trung tâm Học liệu Trường Đại học Thủ Dầu Một
LEADER 00615nam a2200205Ia 4500
001 TDMU_7350
008 210410s9999 xx 000 0 und d
082 |a 808 
090 |b K313 
100 |a Kirszner, Laurie G 
245 0 |a Literature 
245 0 |b Reading, reacting, writing 
245 0 |c Laurie G. Kirszner, Stephen R. Mandell 
260 |a Boston, MA 
260 |b Thomson/Wadsworth 
260 |c 2007 
300 |a lii, 1648 p. 
700 |a Mandell, Stephen R 
856 |u http://lrc.tdmu.edu.vn/opac/search/detail.asp?aID=2&ID=7350 
980 |a Trung tâm Học liệu Trường Đại học Thủ Dầu Một